000 00894nam a2200229Ii 4500
003 JO-AjNU
008 230605s9999||||xx |||||||||||||| ||und||
017 _a2009/4/1260
020 _a978-9957-23-141-5
040 _aJO-AjNU
_bara
_erda
_cJO-AjNU
041 _aara
050 1 4 _aPJ 8064 .N27 2009
100 3 _aالأسد، ناصر الدين 1923,
_eauthor
_924801
245 0 0 _aالشعرالحديث في فلسطين والأردن = Contemporary Poetry In Palestine and Jordan
250 _aط1
264 3 1 _aعمان: دار الفتح للدراسات والنشر، 2009
300 _a345ص
_bيشتمل على مراجع ببيلوجرافية
336 _atext
_btxt
_2rdacontent
337 _aunmediated
_bn
_2rdamedia
338 _avolume
_bnc
_2rdacarrier
650 4 _aالشعر العربي - فلسطين - الاردن - تاريخ ونقد - القرن 20 -
_924802
999 _aA9191
_c12759
_d12759